000 01122cam a2200337 a 4500
001 12604856
003 OSt
005 20140310182435.0
008 010815s2001 ph a b 001 0 eng
010 _a 2001307787
020 _a9789715847438
035 _a(DLC) 2001307787
037 _bLibrary of Congress -- Jakarta Overseas Office
_cP300.00
040 _aDLC
_cDLC
042 _alcode
043 _aa-ph---
050 0 0 _aLB 1570
_b.B148 2001
245 0 0 _aCurriculum development :
_bthe Philippine experience
_cAdelaida L. Bago.
260 _aMalate, Manila, Philippines :
_bDe La Salle University Press,
_c2001.
300 _a244 p. :
_c23 cm.
504 _aIncludes bibliographical references and index.
521 _a9789715847438
526 _c1210L to 1700L
541 _j1
562 _e for circulation. 1 copy available in the collection
650 0 _aCurriculum planning
_zPhilippines.
_97302
650 0 _aEducation
_zPhilippines.
_97303
906 _a7
_bcbc
_corigode
_d3
_encip
_f20
_gy-gencatlg
942 _2lcc
_cBK
_kM
999 _c13429
_d13429